<?xml version="1.0" encoding="UTF-8" ?>
<collection xmlns="http://www.loc.gov/MARC21/slim"><record><leader>01383nam a2200289   4500</leader><controlfield tag="001">206893</controlfield><controlfield tag="003">CH-000273-5</controlfield><controlfield tag="005">20200604171353.0</controlfield><datafield tag="035" ind1=" " ind2=" "><subfield code="a">(OCoLC)1131804695</subfield></datafield><datafield tag="040" ind1=" " ind2=" "><subfield code="a">CH-000273-5</subfield><subfield code="b">ger</subfield><subfield code="e">rda</subfield></datafield><datafield tag="041" ind1=" " ind2=" "><subfield code="a">ger</subfield></datafield><datafield tag="100" ind1="1" ind2="0"><subfield code="a">Schlemmer, Oskar</subfield><subfield code="d">1888-1943</subfield><subfield code="e">Verfasser</subfield><subfield code="4">aut</subfield></datafield><datafield tag="245" ind1="0" ind2="0"><subfield code="a">Brief, Oskar Schlemmer, Professor an der Staatlichen Akademie für Kunst und Kunstgewerbe Breslau, Kaiserin-Augusta-Platz 3, Tel. 51905 (Wohnung: Steinstrasse 9a, Tel. 39660), Direktion des Kunsthaus Zürich, Breslau, 8. [März] April 1931</subfield><subfield code="b">Sehr geehrter Herr Direktor! ...</subfield><subfield code="c">Mit bester Empfehlung Ihr sehr ergebener OSchlemmer</subfield></datafield><datafield tag="264" ind1=" " ind2=" "><subfield code="a">Breslau</subfield><subfield code="c">1931</subfield></datafield><datafield tag="300" ind1=" " ind2=" "><subfield code="a">1 Blatt</subfield><subfield code="c">29,5 x 20,8 cm</subfield></datafield><datafield tag="336" ind1=" " ind2=" "><subfield code="a">Text</subfield><subfield code="b">txt</subfield><subfield code="2">rdacontent</subfield></datafield><datafield tag="337" ind1=" " ind2=" "><subfield code="a">ohne Hilfsmittel zu benutzen</subfield><subfield code="b">n</subfield><subfield code="2">rdamedia</subfield></datafield><datafield tag="338" ind1=" " ind2=" "><subfield code="a">Blatt</subfield><subfield code="b">nb</subfield><subfield code="2">rdacarrier</subfield></datafield><datafield tag="500" ind1=" " ind2=" "><subfield code="a">Enthält Skizze eines Bildes des Künstlers</subfield></datafield><datafield tag="500" ind1=" " ind2=" "><subfield code="a">&quot;März&quot; von anderer Hand in &quot;April&quot; abgeändert, dies bestätigt auch der Inhalt des Briefes.</subfield></datafield><datafield tag="600" ind1="1" ind2="7"><subfield code="a">Schlemmer, Oskar</subfield><subfield code="d">1888-1943</subfield><subfield code="x">Brief</subfield><subfield code="x">Typoskript</subfield><subfield code="2">gnd</subfield></datafield><datafield tag="610" ind1="2" ind2="7"><subfield code="a">Kunsthaus Zürich</subfield><subfield code="x">Ausstellung</subfield><subfield code="x">Geschäftsbrief</subfield><subfield code="2">gnd</subfield></datafield><datafield tag="655" ind1="0" ind2="7"><subfield code="a">Typoskript</subfield><subfield code="2">gnd</subfield></datafield><datafield tag="655" ind1="0" ind2="7"><subfield code="a">Brief</subfield><subfield code="2">gnd</subfield></datafield><datafield tag="710" ind1="2" ind2="0"><subfield code="a">Kunsthaus Zürich</subfield><subfield code="e">Adressat</subfield><subfield code="4">rcp</subfield></datafield><datafield tag="852" ind1="4" ind2="0"><subfield code="a">CH-000273-5</subfield><subfield code="c">10.30.30.177c.schlemmer.19310408</subfield></datafield><datafield tag="856" ind1="4" ind2="1"><subfield code="u">https://digital.kunsthaus.ch:443/viewer/image/206893/1/</subfield><subfield code="y">Kunsthaus Zürich Sammlungen online</subfield></datafield></record></collection>